Cusqueños ilustres / (Record no. 3617)

000 -CABECERA
fixed length control field 01010nam a22002177a 4500
003 - IDENTIFICADOR DEL NÚMERO DE CONTROL
control field AR-CdUCM
008 - DATOS DE LONGITUD FIJA--INFORMACIÓN GENERAL
fixed length control field 190306b ||||| |||| 00| 0 spa d
040 ## - FUENTE DE LA CATALOGACIÓN
Agencia/entidad que catalogó originalmente la obra MUNICIPALIDAD PROVINCIAL DEL CUSCO
Entidad que transcribió la catalogación BIBLIOTECA MUNICIPAL DEL CUSCO
082 ## - NÚMERO DE LA CLASIFICACIÓN DECIMAL DEWEY
No. de Clasificación 985.009 /
Notacion interna AP64
100 ## - ENTRADA PRINCIPAL--NOMBRE DE PERSONA
Nombre Personal Aparicio Vega, Manuel Jesús
110 ## - ENTRADA PRINCIPAL--NOMBRE DE ENTIDAD CORPORATIVA
Nombre de la institución, jurisdicción como entrada principal Municipalidad del Cusco
9 (RLIN) 876
245 ## - MENCIÓN DE TÍTULO
Título Cusqueños ilustres /
260 ## - PUBLICACIÓN, DISTRIBUCIÓN, ETC.
Lugar de publicación, distribución, etc. Cusco :
Nombre de la editorial, distribuidor, etc. Municipalidad del Cusco,
Fecha de publicación, distribución, etc. 2004.
300 ## - DESCRIPCIÓN FÍSICA
Nº de Páginas Extensión 227 paginas ;
Dimensiones 19 cm.
Material acompañante +cds+vh.
505 ## - NOTA DE CONTENIDO CON FORMATO
Nota de contenido formateada Contenido :El inca Garcilaso de la Vega: Símbolo de la peruanidad y la americanidad -- El sabio Antonio Lorena: Maestro de la juventud -- Clorinda Matto de Turner: La cusqueña mas ilustre de todos los tiempos -- Fortunato L, Herrera Garmendia -- El músico peruano Armando Guevara Ochoa : Amauta, patrimonio cultural vivo de la nación.
650 ## - PUNTO DE ACCESO ADICIONAL DE MATERIA--TÉRMINO DE MATERIA
Descriptor Cronistas
9 (RLIN) 1200
650 ## - PUNTO DE ACCESO ADICIONAL DE MATERIA--TÉRMINO DE MATERIA
Descriptor Siglo XIV
9 (RLIN) 1308
650 ## - PUNTO DE ACCESO ADICIONAL DE MATERIA--TÉRMINO DE MATERIA
Descriptor Peruanos ilustres
9 (RLIN) 11815
942 ## - ELEMENTOS DE PUNTO DE ACCESO ADICIONAL (KOHA)
Fuente de clasificación
Tipo de item Libros-BMC
945 ## - PROCESAMIENTO DE INFORMACIÓN LOCAL (OCLC)
Catalogador rum
Holdings
Estado de retiro (separado) Fuente de clasificación o esquema de estanterías Estado dañado Ubicación Sala donde se ubica Nombre de la colección Fecha de adquisición o compra Costo, precio normal en soles Signatura topográfica Código de Barras Última vez visto (Koha) Tipo de ítem (Koha)
No     Sala Humanidades Sala Humanidades Book Cart 2019-03-06 45.00 985.009 / AP64 SH0000003951 2019-03-06 Libros-BMC
No     Sala Humanidades Sala Humanidades Book Cart 2019-03-06 45.00 985.009 / AP64 /e.2 SH0000003952 2019-03-06 Libros-BMC

Powered by Koha